Manapság már a csapból is mobilinternet folyik? Vagy mégsem? Innovációs lehetőségek keresése a mobilinternet fogyasztás növelése érdekében

Bibliográfiai részletek
Szerző: Králler András Márió
További közreműködők: Kása Dr. Richárd
Dokumentumtípus: Diplomadolgozat
Kulcsszavak:mobilinternet
innovációs lehetőségek
értéketeremtő folyamatok
Online Access:http://dolgozattar.uni-bge.hu/9747

MARC

LEADER 00000nta a2200000 i 4500
001 dolg9747
005 20161219180634.0
008 161219suuuu hu om 000 hun d
040 |a BGE Dolgozattár Repozitórium  |b hun 
041 |a hu 
100 1 |a Králler András Márió 
245 1 0 |a Manapság már a csapból is mobilinternet folyik? Vagy mégsem? Innovációs lehetőségek keresése a mobilinternet fogyasztás növelése érdekében  |c Králler András Márió  |h [elektronikus dokumentum] 
695 |a mobilinternet 
695 |a innovációs lehetőségek 
695 |a értéketeremtő folyamatok 
700 1 |a Kása Dr. Richárd  |e ths 
856 4 0 |u http://dolgozattar.uni-bge.hu/9747/1/2Kr%C3%A1ller%20Andr%C3%A1s%20M%C3%A1ri%C3%B3_RSDQU7.pdf  |z Dokumentum-elérés